Mongolie et pays des tangoutes / (Record no. 162602)

MARC details
000 -LEADER
campo de control de longitud fija 01210nam a2200277 i 4500
001 - NÚMERO DE CONTROL
campo de control 162602
003 - IDENTIFICADOR DE NÚMERO DE CONTROL
campo de control ES-MaACL
005 - FECHA Y HORA DE LA ÚLTIMA TRANSACCIÓN
campo de control 20250815065420.0
008 - DATOS DE LONGITUD FIJA--INFORMACIÓN GENERAL
campo de control de longitud fija 041122s1880 fr abf |||| | fre d
040 ## - FUENTE DE CATALOGACIÓN
Centro catalogador/agencia de origen CAM
Lengua de catalogación spa
Centro/agencia transcriptor CAM
080 ## - NÚMERO DE LA CLASIFICACIÓN DECIMAL UNIVERSAL
Número de la Clasificación Decimal Universal 915.15/17
100 1# - ENTRADA PRINCIPAL--NOMBRE DE PERSONA
Nombre de persona Prjévalski, Nikolaï Mikhaïlovich.
9 (RLIN) 131380
245 10 - MENCIÓN DEL TÍTULO
Título Mongolie et pays des tangoutes /
Mención de responsabilidad, etc. N. Prjévalski ; ouvrage traduit du russe... par G. Du Laurens ; précédé d'une préface / de E. Delmar-Morgan et d'une introduction du Col. Yule ; traduites de l'anglais... par J. Belin de Launay.
260 ## - PUBLICACIÓN, DISTRIBUCIÓN, ETC.
Lugar de publicación, distribución, etc. Paris :
Nombre del editor, distribuidor, etc. Librairie Hachette et C.,
Fecha de publicación, distribución, etc. 1880 (
Lugar de fabricación/manufactura Corbeil :
Fabricante Typ. et stér. Crété)
300 ## - DESCRIPCIÓN FÍSICA
Extensión LVI, 344 p., [23] h. lám., [4] h. maps. ;
Dimensiones 24 cm.
599 ## - NOTA A LAS ILUSTRACIONES
NOTA A LAS ILUSTRACIONES Las h. de lám. alegóricas, excepto la primera, retrato del autor.
599 ## - NOTA A LAS ILUSTRACIONES
NOTA A LAS ILUSTRACIONES Las h. de map. pleg. o dobles.
651 #4 - PUNTO DE ACCESO ADICIONAL DE MATERIA--NOMBRE GEOGRÁFICO
Nombre geográfico Mongolia-
Subdivisión general Descripción.
9 (RLIN) 159946
651 #7 - PUNTO DE ACCESO ADICIONAL DE MATERIA--NOMBRE GEOGRÁFICO
Nombre geográfico Tíbet-
Subdivisión general Descripción
Fuente del encabezamiento o término
9 (RLIN) 158287
700 1# - ENTRADA AGREGADA--NOMBRE PERSONAL
Nombre de persona Du Laurens, G.
9 (RLIN) 126849
700 1# - ENTRADA AGREGADA--NOMBRE PERSONAL
Nombre de persona Delmar-Morgan, E.
9 (RLIN) 126747
700 1# - ENTRADA AGREGADA--NOMBRE PERSONAL
Nombre de persona Yule, Henry
9 (RLIN) 117740
700 1# - ENTRADA AGREGADA--NOMBRE PERSONAL
Nombre de persona Belin de Launay, Jules.
9 (RLIN) 27165
852 ## - LOCALIZACIÓN
Ubicación ES-MaACL
Número de control de estantería F-784
Nota libre - Enc. tela roja, con cortes dorados
Holdings
Estatus retirado Estado de pérdida Estado de daño No para préstamo Colección Biblioteca de origen Biblioteca actual Ubicación en estantería Fecha de adquisición Fuente de adquisición Total de préstamos Signatura topográfica completa Código de barras Visto por última vez Precio de reemplazo Tipo de ítem Koha
        Libros del s. XIX Biblioteca del Ateneo de Madrid Biblioteca del Ateneo de Madrid Depósito 2 17/01/2008     F-784 1170346 23/02/2023 23/02/2023 Libro impreso antiguo